Central Library OPAC University of Rajshahi

A modern history of the Sudan : (Record no. 28600)

MARC details
000 -LEADER
fixed length control field 00783nam a2200253 a 4500
001 - CONTROL NUMBER
control field 28600
003 - CONTROL NUMBER IDENTIFIER
rucl marc code BD-RjUL
005 - DATE AND TIME OF LATEST TRANSACTION
control field 20211209051314.0
008 - FIXED-LENGTH DATA ELEMENTS--GENERAL INFORMATION
fixed length control field 140331t19631961enka b 001 0 eng d
035 ## - SYSTEM CONTROL NUMBER
System control number (BD-RjUL)28681
040 ## - CATALOGING SOURCE
Original cataloging agency LC
Language of cataloging eng
Transcribing agency LC
Modifying agency LC
-- BD-RjUL
041 ## - LANGUAGE CODE
Language code of text/sound track or separate title eng
082 00 - DEWEY DECIMAL CLASSIFICATION NUMBER
Classification number 962.403
Author mark and year HOM 1963
100 1# - MAIN ENTRY--PERSONAL NAME
Personal name Holt, P. M.
Fuller form of name (Peter Malcolm)
9 (RLIN) 81882
245 12 - TITLE STATEMENT
Title A modern history of the Sudan :
Remainder of title from the Funj Sultanate to the present day /
Statement of responsibility, etc. by P. M. Holt.
250 ## - EDITION STATEMENT
Edition statement 2d ed.
260 ## - PUBLICATION, DISTRIBUTION, ETC. (IMPRINT)
Place of publication, distribution, etc. London:
Name of publisher, distributor, etc. Weidenfeld and Nicolson ,
Date of publication, distribution, etc. c1961 [1963].
300 ## - PHYSICAL DESCRIPTION
Pagination xiii, 247 p. :
Illustrations ill. ;
Size 22 cm.
504 ## - BIBLIOGRAPHY, ETC. NOTE
Bibliography, etc Includes bibliographical references and index.
651 #0 - SUBJECT ADDED ENTRY--GEOGRAPHIC NAME
Geographic name Sudan
General subdivision History.
9 (RLIN) 87570
942 ## - ADDED ENTRY ELEMENTS (KOHA)
Source of classification or shelving scheme Dewey Decimal Classification
Koha item type Books
Holdings
Lost status Source of classification or shelving scheme Damaged status Not for loan Collection code Permanent Location Current Location Shelving location Date acquired Source of acquisition Cost, normal purchase price Total Checkouts Full call number Date last seen Copy number Koha item type
  Dewey Decimal Classification   Not For Loan Non-fiction Central Library, University of Rajshahi Central Library, University of Rajshahi Reading Room 24/07/1964 Zeitlinger. 30.00   962.403 HOM 1963 31/03/2014 C-1 Books
  Dewey Decimal Classification     Non-fiction Central Library, University of Rajshahi Central Library, University of Rajshahi   15/02/1967 Sh. Mod.Ashraf 22.50   962.403 HOM 1963 31/03/2014 C-2 Books